=LDR 00000nam 2200000 4500 =001 INLIS000000000041187 =005 20130612150732 =008 ***********************************ind** =035 ##$$0010-061300000041187 =041 ##$$a ind =082 ##$$a 813 =090 ##$$a 813, Har a =100 ##$$a Harris, Charlaine =245 ##$$a Al together dead, Teror disarang vampir/ Charlaine Haaris; penerjemah, Widia l. Hasan; Editor,Tutut M. Lestari =260 ##$$a [s.a] $b Jakarta =300 ##$$a 466 hlm., 18 cm =650 ##$$a Fiksi =700 ##$$a Hasan, Widia l =850 ##$$a NBPNMAT